BUBT Library Online Catalog

স্বপ্ন জয়ের ইচ্ছা রাষ্ট্রপতির ভাষণ সংকলন দ্বিতীয় খন্ড(২০১৬-২০১৮) / (Record no. 7198)

000 -LEADER
fixed length control field 00800nam a22001937a 4500
003 - CONTROL NUMBER IDENTIFIER
control field BUBTL
008 - FIXED-LENGTH DATA ELEMENTS--GENERAL INFORMATION
fixed length control field 240205b ||||| |||| 00| 0 eng d
020 ## - INTERNATIONAL STANDARD BOOK NUMBER
International Standard Book Number 9789849314264
082 ## - DEWEY DECIMAL CLASSIFICATION NUMBER
Classification number 891.445/ H1801s/ 2022
100 ## - MAIN ENTRY--PERSONAL NAME
9 (RLIN) 5654
Personal name হামিদ, মোঃ আবদুল
245 ## - TITLE STATEMENT
Title স্বপ্ন জয়ের ইচ্ছা রাষ্ট্রপতির ভাষণ সংকলন দ্বিতীয় খন্ড(২০১৬-২০১৮) /
Statement of responsibility, etc. মোঃ আবদুল হামিদ
250 ## - EDITION STATEMENT
Edition statement 2nd ed
260 ## - PUBLICATION, DISTRIBUTION, ETC. (IMPRINT)
Place of publication, distribution, etc. ঢাকা :
Name of publisher, distributor, etc. গৌরব প্রকাশন,
Date of publication, distribution, etc. c2022
300 ## - PHYSICAL DESCRIPTION
Extent 432 p. :
Other physical details ills.;
Dimensions 24
650 #0 - SUBJECT ADDED ENTRY--TOPICAL TERM
9 (RLIN) 1687
Topical term or geographic name as entry element বাংলা সাহিত্য
856 ## - ELECTRONIC LOCATION AND ACCESS
Password 0
Logon 0
Link text Download
942 ## - ADDED ENTRY ELEMENTS (KOHA)
Source of classification or shelving scheme
Koha item type Books
Holdings
Withdrawn status Lost status Source of classification or shelving scheme Damaged status Not for loan Collection code Permanent location Current location Shelving location Date acquired Source of acquisition Inventory number Total Checkouts Full call number Barcode Date last seen Copy number Price effective from Koha item type
          Non-fiction Bangladesh University of Business and Technology Library Bangladesh University of Business and Technology Library Fiction 10/19/2023 Purchase 29782   891.445/ H1801s/ 2022 BUBTL-200329782 02/06/2024 C-1 02/06/2024 Books
          Non-fiction Bangladesh University of Business and Technology Library Bangladesh University of Business and Technology Library Fiction 10/19/2023 Purchase 29783   891.445/ H1801s/ 2022 BUBTL-200329783 02/06/2024 C-2 02/06/2024 Books

More Information About Library

Library Hours

  • Open: 9.00 am. to 9.00 pm.
  • Only Sunday: 9.00 am. to 6.00 pm.
  • Closed: Holiday

Contact to the University

Bangladesh University of Business and Technology Library

  • Mirpurl-2, 1216.
  • Phone:
  • Fax:
  • E-Mail: admin.library@bubt.edu.bd

Contact to the Library

Contact Person:

Md. Abdul Hakim Shah
Joint Librarian
PABX No:  113
Cell No: 01816332931
E-mail: official: admin.library@bubt.edu.bd
Personal: hakim.shah@bubt.edu.bd


BUBT Library

Copyright © 2021